Score 0/58 Timer 02:00
2 Plays Today
Classic Disney Animated Movie % Correct
Snow White and the Seven Dwarfs
85.5%
Cinderella
80.3%
Beauty and the Beast
69.2%
Sleeping Beauty
67.5%
The Little Mermaid
63.6%
Aladdin
62.6%
Frozen
61.2%
The Lion King
57%
Mulan
46%
Moana
42.3%
Fantasia
36%
Bambi
35.7%
Frozen II
35.1%
Pocahontas
35%
Dumbo
32.5%
Peter Pan
30.3%
Pinocchio
30.2%
The Jungle Book
29.9%
The Fox and the Hound
29.5%
The Princess and the Frog
29.3%
Lady and the Tramp
28.2%
Zootopia
26.9%
Hercules
25.4%
Tangled
25.4%
Big Hero 6
24.3%
Tarzan
23.8%
The Aristocats
23.5%
Robin Hood
22.3%
The Rescuers
22.1%
Classic Disney Animated Movie % Correct
Wreck-It Ralph
21.3%
One Hundred and One Dalmatians
20.4%
Alice in Wonderland
18.4%
The Hunchback of Notre Dame
17.8%
Ralph Breaks the Internet
15.6%
The Rescuers Down Under
14.5%
The Sword in the Stone
14.4%
Fantasia 2000
13.8%
Lilo & Stitch
12.7%
Oliver & Company
12.7%
The Many Adventures of Winnie the Pooh
11.7%
Bolt
11.1%
The Black Cauldron
10.2%
The Great Mouse Detective
9.8%
The Emperor's New Groove
8.8%
Brother Bear
8.7%
Winnie the Pooh
8.7%
Atlantis: The Lost Empire
8.6%
Fun and Fancy Free
7.4%
Make Mine Music
6.7%
Melody Time
6.4%
Treasure Planet
6.3%
Chicken Little
6.3%
The Three Caballeros
6.3%
Dinosaur
6.2%
Meet the Robinsons
5.8%
Home on the Range
5.5%
Saludos Amigos
5.1%
The Adventures of Ichabod and Mr.Toad
4.1%

You're not logged in!

Compare scores with friends on all Sporcle quizzes.
OR
Log In

Sporcle TV

Today on Sporcle TV


Watch our educational content, quiz creation guides, and fun videos on Sporcle TV.

Show Comments

Extras

Top Quizzes Today


Score Distribution

Paid Content

Your Account Isn't Verified!

In order to create a playlist on Sporcle, you need to verify the email address you used during registration. Go to your Sporcle Settings to finish the process.

Report this User

Report this user for behavior that violates our Community Guidelines.

Details: